| 000 | 00000nam##2200000za#4500 |
| 001 | 9.616008 |
| 003 | CaOODSP |
| 005 | 20211126112847 |
| 007 | ta |
| 008 | 150406|2002||||xxc||||| f|0| 0 eng|d |
| 022 | |a1192-5434 |
| 040 | |aCaOODSP|beng |
| 043 | |an-cn--- |
| 086 | 1 |aFB3-2/102-18E |
| 110 | 2 |aBank of Canada. |
| 245 | 10|aEstimated DGE models and forecasting accuracy : |ba preliminary investigation with Canadian data / |cby Kevin Moran and Veronika Dolar. |
| 260 | |aOttawa - Ontario : |bBank of Canada |c2002. |
| 300 | |av, 31p. : |bgraphs, references, tables ; |c28 cm. |
| 490 | 1 |aWorking paper|x1192-5434|v2002-18 |
| 500 | |a"This paper applies the hybrid dynamic general-equilibrium, vector autoregressive (DG-VAR) model developed by Ireland (1999) to Canadian time series. It presents the first Canadian evidence that a hybrid DGE-VAR model may have better out-of-sample forecasting accuracy than a simple, structure-free VAR model."--Abstract, page v. |
| 546 | |aRésumés en français. |
| 563 | |aSoftcover |
| 590 | |a02-30|b2002-07-26 |
| 690 | 07|aEconomic forecasting|2gcpds |
| 690 | 07|aModels|2gcpds |
| 776 | 0#|tEstimated DGE models and forecasting accuracy : |w(CaOODSP)9.571598 |
| 830 | #0|aWorking paper,|x1192-5434|v2002-18|w(CaOODSP)9.514622 |